La réponse est Tri... - Statistiques

Statistiques générales
  • Ce quiz a été pris 1 966 fois
  • Le résultat moyen est 10 sur 16
Statistiques - réponses
Indice Réponse % Correct
Arme symbolique de Poséidon/Neptune dans la mythologie greco-romaine Le Trident
93%
Discipline sportive constituée de la natation, du cyclisme et de la course à pied Le triathlon
92%
Capitale de la Libye Tripoli
87%
Branche des mathématiques qui fait le lien entre les distances et les angles dans les triangles La trigonométrie
85%
Dinosaure herbivore ayant vécu au Crétacé supérieur pourvu de trois cornes Le tricératops
77%
Chevalier associé à Iseut d'après un célèbre mythe littéraire médiéval Tristan
76%
Dans le christianisme, elle est le Dieu unique en trois personnes : le Père, le Fils et le Saint-Esprit La Trinité
73%
Chanson de Manau sortie en 1998 dont les paroles commencent par "Le vent souffle sur les plaines de la Bretagne armoricaine" La Tribu de Dana
67%
Elles sont "à la mode de Caen" lorsqu'elles désignent une préparation culinaire normande Les tripes
67%
Bateau à trois coques Le trimaran
67%
Amphibien vivant à la fois dans le milieu aquatique et terrestre Le triton
59%
Nom donné à l'alliance militaire entre la France, le Royaume-Uni et la Russie avant et pendant la Première Guerre mondiale La Triple-Entente
56%
Jeu de question-réponse né au Québec en 1979 Le Trivial Pursuit
44%
Ville située dans le nord-est de l'Italie, capitale de la région Frioul-Vénétie Julienne Trieste
44%
Symbole de la série de jeux vidéo "The Legend of Zelda" représentant les trois déesses d'or d'Hyrule La Triforce
43%
Classe de crustacés marins arthropodes ayant vécu pendant l'époque primaire Les trilobites
17%
Aucun quiz correspondant
Distribution des résultats
% des personnes avec chaque résultat
Percentile par nombre de réponses
Votre historique - résultats
Vous n’avez pas pris ce quiz